Gastroschíza : otázky a odpovědi /

Hlavní autor: Frýbová, Barbora
Korporativní autor: Fakultní nemocnice v Motole (Praha, Česko). Klinika dětské chirurgie
Další autoři: Kokešová, Alena, Stýblová, Jitka
Jazyk: Čeština
Vydáno: Praha : Galén, [2017]
Vydání: První vydání
Témata:
Fyzický popis: 8 stran : barevné ilustrace ; 19 cm
Knihy
Uloženo v:
LEADER 01638nam a2200445 i 4500
001 nkc20172956376
003 CZ PrNK
005 20180302131324.0
007 ta
008 171122t20172017xr a e f 000 0 cze
015 |a cnb002956376 
020 |a 978-80-7492-332-6  |q (brožováno) 
035 |a (OCoLC)1028186137 
040 |a BOA001  |b cze  |d ABA001  |e rda 
072 7 |a 617  |x Ortopedie. Chirurgie. Oftalmologie  |2 Konspekt  |9 14 
080 |a 617.55-007.251  |2 MRF 
080 |a (036)  |2 MRF 
100 1 |a Frýbová, Barbora  |4 aut 
245 1 0 |a Gastroschíza :  |b otázky a odpovědi /  |c Barbora Frýbová, Alena Kokešová, Jitka Stýblová 
250 |a První vydání 
264 1 |a Praha :  |b Galén,  |c [2017] 
264 4 |c ©2017 
300 |a 8 stran :  |b barevné ilustrace ;  |c 19 cm 
336 |a text  |b txt  |2 rdacontent 
337 |a bez média  |b n  |2 rdamedia 
338 |a svazek  |b nc  |2 rdacarrier 
500 |a Nad názvem: Klinika dětské chirurgie Fakultní nemocnice v Motole, Praha 
650 0 7 |a gastroschíza  |7 ph983333  |2 czenas 
650 0 9 |a gastroschisis  |2 eczenas 
655 7 |a informační publikace  |7 fd132454  |2 czenas 
655 9 |a information publications  |2 eczenas 
700 1 |a Kokešová, Alena  |7 xx0132115  |4 aut 
700 1 |a Stýblová, Jitka  |7 xx0106038  |4 aut 
710 2 |a Fakultní nemocnice v Motole (Praha, Česko).  |b Klinika dětské chirurgie  |7 nlk20030129625  |4 isb 
910 2 |a BOA001  |b 1-1399.342 
928 9 |a Klinika dětské chirurgie FN Motol 
990 |a BK 
995 |a 01 
991 |b 201712  |c NOV 
996 6 |b 2610727160  |c 1-1399.342  |l MZK  |r Sklad / do 1 hodiny  |n 0  |p p.v.  |w 001642482  |u 000010  |a 1  |e BOA001  |j MZK50  |s P